| 000 | 00367nam a2200157Ia 4500 | ||
|---|---|---|---|
| 008 | 230312s9999||||xx |||||||||||||| ||und|| | ||
| 020 | _a81-88458-52-X | ||
| 082 |
_a629.45 _bGUP-P |
||
| 100 | _aGupta.J.B | ||
| 245 | 0 | _aPower Systems | |
| 260 |
_bKatson Books _aIndia _c2012 |
||
| 300 | _a691 | ||
| 546 | _aEng. | ||
| 650 |
_aEngineering _vPower Systems |
||
| 942 | _cBK | ||
| 999 |
_c7466 _d7466 |
||